Food engineering and process applications /
Guardado en:
| Autores Corporativos: | , , |
|---|---|
| Otros Autores: | , |
| Formato: | Libro |
| Idioma: | English |
| Publicado: |
London :
Elsevier Applied Science Publishers,
c1986.
|
| Materias: | |
| Etiquetas: |
Agregar Etiqueta
Sin Etiquetas, Sea el primero en etiquetar este registro!
|
| LEADER | 01484pam a22003255a 4500 | ||
|---|---|---|---|
| 001 | EIQ.libpla002301 | ||
| 008 | 860506s1986####enka#####b####001#0#eng#d | ||
| 005 | 20070522192252.0 | ||
| 245 | 0 | 0 | |a Food engineering and process applications / |c edited by M. Le Maguer and P. Jelen. |
| 260 | |a London : |b Elsevier Applied Science Publishers, |c c1986. | ||
| 300 | |a 2 v. : |b il. ; |c 23 cm. | ||
| 500 | |a "Proceedings of the Fourth International Congress on Engineering and Food held between 7th and 10th July 1985 at Edmonton, Alberta, Canada"--V. 1, p. ii. | ||
| 500 | |a Organizado bajo los auspicios de la facultad de agricultura e ingeniería de la Universidad de Alberta. | ||
| 504 | |a Incluye referencias bibliográficas e índice. | ||
| 505 | 0 | |a v. 1. Transport phenomena -- v. 2. Unit operations. | |
| 020 | |a 1851660224 (v. 1) | ||
| 020 | |a 1851660232 (v. 2) | ||
| 700 | 1 | |a Le Maguer, M., |e ed. |4 edt | |
| 700 | 1 | |a Jelen, P. |q (Pavel), |e ed. |4 edt | |
| 710 | 2 | |a University of Alberta. |b Faculty of Agriculture and Forestry. | |
| 710 | 2 | |a University of Alberta. |b Faculty of Engineering. | |
| 711 | 2 | |a International Congress on Engineering and Food |n (4th : |d 1985 : |c Edmonton, Alta.) | |
| 082 | 0 | 0 | |a 664 |2 19 |
| 650 | 4 | |a Alimento |x Congresos. | |
| 650 | 4 | |a Alimento |x Industria y comercio. | |
| 650 | 4 | |a Food |x Congresses. | |
| 650 | 4 | |a Food |x Industry and trade. | |
| 010 | |a 86011622 | ||
| 040 | |a DLC |c DLC |d AR-BbSID | ||
| 859 | |a AR-BbSID |b BIB. PLAPIQUI |h 664.02 |i F 739 |p 4150 |v Vol. 1 |3 Vol. 1 | ||
